[Event "Buenos Aires 110 Years Argentino CC"]
[Site "Buenos Aires"]
[Date "2015.04.09"]
[Round "1.7"]
[White "Gomez, Juan Carlos"]
[Black "Olivera, Horacio"]
[Result "0-1"]
[WhiteElo "1724"]
[BlackElo "2140"]
[PlyCount "60"]
[EventDate "2015.04.09"]
[EventType "swiss"]
[EventRounds "9"]
[EventCountry "ARG"]
[SourceTitle "EXT 2024"]
[Source "ChessBase"]
[SourceDate "2023.10.10"]
[SourceVersion "1"]
[SourceVersionDate "2023.10.10"]
[SourceQuality "1"]

1. e4 e5 2. Nf3 Nc6 3. Bb5 a6 4. Ba4 d6 5. 0-0 Bd7 6. c3 Nge7 7. d4 Ng6 8. d5 Nb8 9. Bc2 Be7 10. Re1 h6 11. Nbd2 Bg5 12. Nf1 Bg4 13. Ne3 Bxe3 14. Bxe3 Nh4 15. Bd3 Bxf3 16. gxf3 Qf6 17. f4 exf4 18. e5 Qg5+ 19. Kf1 Qg2+ 20. Ke2 fxe3 21. Qa4+ Nd7 22. Qxh4 Qxf2+ 23. Qxf2 exf2 24. Kxf2 Nxe5 25. Re4 f5 26. Re3 g5 27. Rae1 0-0 28. Rxe5 dxe5 29. Rxe5 Rae8 30. Rxe8 Rxe8 0-1

[Event "Puerto Tirol Provincial-ch"]
[Site "Puerto Tirol"]
[Date "2004.11.28"]
[Round "7"]
[White "Gomez, Juan Carlos"]
[Black "Saavedra, Ramiro"]
[Result "0-1"]
[WhiteElo "2075"]
[BlackElo "1870"]
[PlyCount "81"]
[EventDate "2004.11.20"]
[EventType "swiss"]
[EventRounds "7"]
[EventCountry "ARG"]
[SourceTitle "CBM 103 Extra"]
[Source "ChessBase"]
[SourceDate "2005.01.01"]
[SourceVersion "1"]
[SourceVersionDate "2005.01.01"]
[SourceQuality "1"]

1. e4 d6 2. Nf3 Nf6 3. Nc3 c6 4. Bc4 e6 5. d4 d5 6. exd5 exd5 7. Bd3 Bd6 8. Bg5 0-0 9. Qd2 Re8+ 10. Ne2 Bg4 11. 0-0-0 a5 12. h3 Bh5 13. Nf4 Bxf3 14. gxf3 Nbd7 15. Nh5 Kh8 16. Nxg7 Kxg7 17. Bh6+ Kh8 18. Qg5 Rg8 19. Qh4 Be7 20. Bg5 Nf8 21. Rde1 Ng6 22. Bxg6 Rxg6 23. f4 Rxg5 24. Qxg5 Ne4 25. Qf5 Nxf2 26. Rh2 Ne4 27. Rg2 Bf6 28. Reg1 Bxd4 29. Qxf7 Qf8 30. Rg8+ Qxg8 31. Rxg8+ Rxg8 32. c3 Be3+ 33. Kc2 a4 34. Kd3 Bc1 35. Kc2 Be3 36. f5 Bf4 37. Qxb7 Rg2+ 38. Kd1 Rd2+ 39. Ke1 Bg3+ 40. Kf1 Rf2+ 41. Kg1 0-1

[Event "Puerto Tirol Provincial-ch"]
[Site "Puerto Tirol"]
[Date "2004.11.27"]
[Round "5"]
[White "Gomez, Juan Carlos"]
[Black "Suarez, Gustavo"]
[Result "0-1"]
[WhiteElo "2075"]
[BlackElo "2108"]
[PlyCount "90"]
[EventDate "2004.11.20"]
[EventType "swiss"]
[EventRounds "7"]
[EventCountry "ARG"]
[SourceTitle "CBM 103 Extra"]
[Source "ChessBase"]
[SourceDate "2005.01.01"]
[SourceVersion "1"]
[SourceVersionDate "2005.01.01"]
[SourceQuality "1"]

1. e4 d5 2. exd5 Qxd5 3. Nc3 Qa5 4. d4 Nf6 5. Bc4 Bg4 6. f3 Bh5 7. Nge2 c6 8. 0-0 e6 9. Nf4 Be7 10. Bd2 Qb6 11. Nce2 Bg6 12. Qe1 Nbd7 13. Ba5 Qxb2 14. Nxg6 hxg6 15. Bb3 Qa3 16. Bc7 Rc8 17. Bg3 Nh5 18. Bf2 Bd6 19. Ng3 Nf4 20. Ne4 Bb8 21. Bg3 Qe7 22. Qd2 g5 23. Rae1 Kf8 24. c4 Nb6 25. c5 Nbd5 26. Nc3 Qf6 27. Nxd5 cxd5 28. Qb4 Rd8 29. Rd1 Ne2+ 30. Kf2 Nxg3 31. hxg3 Qe7 32. Rb1 Qc7 33. c6+ Kg8 34. Qxb7 Qxg3+ 35. Ke2 Qxg2+ 36. Rf2 Qg3 37. Rc1 Bc7 38. f4 gxf4 39. Rcf1 Qe3+ 40. Kd1 Qxd4+ 41. Kc2 Be5 42. Rd2 Qb2+ 43. Kd1 Qb1+ 44. Ke2 Rh2+ 45. Rf2 f3+ 0-1

[Event "Puerto Tirol Provincial-ch"]
[Site "Puerto Tirol"]
[Date "2004.11.21"]
[Round "4"]
[White "Agnello, Silvana"]
[Black "Gomez, Juan Carlos"]
[Result "1/2-1/2"]
[WhiteElo "2042"]
[BlackElo "2075"]
[PlyCount "76"]
[EventDate "2004.11.20"]
[EventType "swiss"]
[EventRounds "7"]
[EventCountry "ARG"]
[SourceTitle "CBM 103 Extra"]
[Source "ChessBase"]
[SourceDate "2005.01.01"]
[SourceVersion "1"]
[SourceVersionDate "2005.01.01"]
[SourceQuality "1"]

1. Nf3 Nf6 2. g3 g6 3. Bg2 Bg7 4. d3 d5 5. Nbd2 Nc6 6. 0-0 0-0 7. e4 dxe4 8. dxe4 e5 9. c3 Qe7 10. Qc2 Be6 11. Re1 Rad8 12. Nf1 Rd7 13. Ng5 Bc4 14. Ne3 Bd3 15. Qa4 h6 16. Nd5 Qd8 17. Nxf6+ Qxf6 18. Nf3 Rfd8 19. h4 b5 20. Qa6 b4 21. Qa4 bxc3 22. bxc3 Qe6 23. Bf1 Bxf1 24. Kxf1 Rd3 25. Be3 Rxc3 26. Rac1 Rdd3 27. Kg2 f5 28. Rxc3 Rxc3 29. Bxa7 Rc4 30. Qa6 fxe4 31. Nd2 Rc2 32. Be3 Rxa2 33. Qb7 Qd5 34. Rc1 Rxd2 35. Rxc6 Rd1 36. Qc8+ Kh7 37. Qe8 Qd3 38. Qxg6+ Kg8 1/2-1/2